000 00318nam a22001337a 4500
008 170830b xxu||||| |||| 00| 0 eng d
020 _a9780073536231
041 _aeng
080 _24TH
_a070
100 _a39
101 _aMED
245 _aESSENTIAL RESOURCES FOR BASIC PUBLIC SPEAKING
_cHILL,M.G
942 _2udc
_cBK
999 _c25458
_d25458